| 000 | 00576nam a2200193 a 4500 | ||
|---|---|---|---|
| 003 | SISC | ||
| 005 | 20170207094240.0 | ||
| 008 | 111028s19uu xx 00 eng d | ||
| 020 | _a9789380138510 | ||
| 050 |
_aHD 62.5 _b.D441 2011 |
||
| 100 | _aDesai, B.K. | ||
| 245 |
_aFundamentals of entrepreneurship / _cB.K. Desai. |
||
| 260 |
_aNew Delhi : _bSwastik Publications, _c2011. |
||
| 300 |
_a264 pages : _c23 cm. _billustrations ; |
||
| 500 | _aincludes glossary and bibliographical references. | ||
| 650 | _aEntrepreneurship. | ||
| 942 |
_cBK _2lcc _kFOR |
||
| 999 |
_c24839 _d24839 |
||